Hermione, Ron, or Harry: 1st Book Edition - Statistics

General Stats
  • This quiz has been taken 134 times
  • The average score is 14 of 15
Answer Stats
Question Answer % Correct
Who owns a personal owl? Harry Potter
100%
Who becomes the youngest Quidditch player in a century? Harry Potter
100%
Who has a scar that is shaped as a lightning bolt? Harry Potter
100%
Which child does Snape hate? Harry Potter
100%
Which one nearly got put in Slytherin? Harry Potter
100%
Whose parents were dentists? Hermione Granger
100%
Who has a brother who recently became Prefect? Ron Weasley
100%
Who has red hair? Ron Weasley
100%
Who never liked to break rules? Hermione Granger
94%
Who helps Neville find his toad? Hermione Granger
94%
Who tries to teach a classmate to say "Wingardium Leviosa"? Hermione Granger
94%
Who sacrificed themselves in the real wizarding chess game? Ron Weasley
94%
Who tried to turn their pet Yellow? Ron Weasley
94%
Whose family was entirely in Gryffindor? Ron Weasley
94%
Who nearly died by a troll, if not for two other members of the trio? Hermione Granger
81%
No matching quizzes found
Score Distribution
Percent of People with Each Score
Percentile by Number Answered
Your Score History
You have not taken this quiz